Missing Word: Sci-Fi Square Quiz Stats

 Plays Quiz Updated Jun 10, 2012

Support Sporcle.
Go Orange.
Score 0/16 Timer 02:00
0 Plays Today
% Correct
Worlds
95.8%
Time
93.2%
Robot
80.1%
Report
78.4%
Dream
64.3%
Island
63%
Fahrenheit
62.5%
Wicked
59.9%
% Correct
Invisible
56.9%
Martian
32.1%
Scanner
28.1%
High
17%
Dandelion
12.8%
Foundation
10.4%
Dawn
5.3%
Naked
3.9%

Today's Daily Dose

You're not logged in!

Compare scores with friends on all Sporcle quizzes.
OR
Log In

From the Vault

Aerosmith Albums

by Ben

Honestly, can any other band get away with a song called 'Love in an Elevator'
Remove Ads.
Support Sporcle.
Get the best of Sporcle when you Go Orange. This ad-free experience offers more features, more stats, and more fun while also helping to support Sporcle. Thank you for becoming a member.

Show Comments

Extras

Top Quizzes Today


Score Distribution

Your Account Isn't Verified!

In order to create a playlist on Sporcle, you need to verify the email address you used during registration. Go to your Sporcle Settings to finish the process.

Report this User

Report this user for behavior that violates our Community Guidelines.

Details: